Statistics for Famous Georges Quiz

Click here to take the quiz!

General Stats

  • This quiz has been taken 34 times
  • The average score is 7 of 15

Answer Stats

ClueAnswer% Correct
Member of the BeatlesHarrison
97%
Author of 1984Orwell
90%
US Army officer and Cavalry commander killed at the Battle of LittleBig Horn in 1876Custer
81%
American pianist and composer of'Rhapsody In Blue 'and 'Porgy and Bess'.Gershwin
77%
Northern Irish footballer voted European Footballer of The Year in 1968Best
65%
English engineer who invented the 'Rocket' steam engine in 1829Stephenson
52%
Composer of CarmenBizet
52%
Irish playwright who wrote PygmalionShaw
52%
American centenarian comedian actor and writer,whose career spanned vaudeville ,radio,TV and film.Burns
48%
Used stage name BoyO'Dowd
29%
American inventor of roll film the basis of the invention of motion picture filmEastman
23%
Prime Minister of France 1906-1909 & 1917-1920Clemenceau
23%
Leading figure in French Revolution and guillotine in 1794Danton
16%
American general and victor at Battle of GettysburgMeade
10%
Duke of Clarence brother of Edward IV and Richard III who Shakespear has drowned in vat of Malmsey winePlantagenet
3%

Score Distribution

Percentile by Number Answered

Percent of People with Each Score

Your Score History

You have not taken this quiz